000 00412nam a2200181Ia 4500
005 20240823011606.0
008 240823s9999||||xx |||||||||||||| ||und||
082 _A420 P2
100 _aJagadisan S
245 0 _aCommon Errors in English
250 _a1st
260 _c2002
_b"Neelkamal,Hydrabad"
500 _aYES
650 _aENG
_bEnglish
700 _a Murugaian N
942 _cBK
999 _c161988
_d161988